Toys 'R' Us Theme Song Quiz Stats

Quiz Updated Apr 12, 2018

Also try: Name the Toy
Challenge
Share
Tweet
Embed
Score 0/97 Timer 05:00
13 Plays Today
% Correct
to
97.7%
to
97.7%
R
97.4%
R
97.4%
R
97.4%
R
97.4%
R
97.4%
a
96.7%
a
96.7%
a
96.7%
toy
96.7%
a
96.7%
a
96.7%
Us
96.7%
Us
96.7%
Us
96.7%
Us
96.7%
Us
96.7%
Toys
95.6%
toys
95.6%
Toys
95.6%
Toys
95.6%
Toys
95.6%
toys
95.6%
Toys
95.6%
I
94.8%
I
94.8%
I
94.8%
I
94.8%
I
94.8%
I
94.8%
I
94.8%
kid
85.4%
% Correct
kid
85.4%
kid
85.4%
kid
85.4%
the
78.9%
the
78.9%
wanna
77.1%
wanna
77.1%
wanna
77.1%
wanna
77.1%
don't
76.2%
don't
76.2%
don't
76.2%
up
75.5%
up
75.5%
up
75.5%
be
75.5%
be
75.5%
grow
74.5%
grow
74.5%
grow
74.5%
I'm
74.4%
I'm
74.4%
play
61.8%
can
60.5%
there
58.8%
with
57.2%
is
55.5%
that
51.8%
it'll
51.4%
if
51%
at
49.2%
games
48%
games
48%
% Correct
million
46.9%
did
44.5%
store
43.8%
From
43.5%
it's
42.2%
video
41.4%
cause
36.6%
they
35.2%
they
35.2%
couldn't
33.6%
bikes
33.2%
trains
33.1%
so
32.6%
biggest
32.6%
for
30.1%
got
29.5%
got
29.5%
best
29.3%
boy
25.4%
maybe
23.7%
more
23%
more
23%
oh
22.5%
your
20%
gee
14.7%
much
14.5%
whiz
14.5%
really
12.4%
less
12%
lid
11.6%
flip
11.5%

You're not logged in!

Compare scores with friends on all Sporcle quizzes.
Sign Up with Email
OR
Log In

You Might Also Like...

Show Comments

Extras

Top Quizzes Today


Score Distribution

Your Account Isn't Verified!

In order to create a playlist on Sporcle, you need to verify the email address you used during registration. Go to your Sporcle Settings to finish the process.

Report this User

Report this user for behavior that violates our Community Guidelines.

Details: